000 01265 a2200313 4500
999 _c4416
_d4416
020 _a0855984651
050 0 0 _aHT384 DEV 2002
245 0 0 _aDevelopment and cities :
_bessays from Development in practice /
_cedited by David Westendorff and Deborah Eade.
264 _aOxford:
_bOxfam,
_c2002
300 _axii, 368 p. :
_bill. ;
440 2 _aA Development in practice reader
500 _aIncludes index
504 _aIncludes bibliographical references and index.
650 0 _aUrbanization
650 0 _aCommunity development, Urban
650 0 _aHousing
650 0 _aUrban policy
650 0 _aSustainable development
651 0 _aDeveloping countries
700 1 _aWestendorff, David G.
700 1 _aEade, Deborah.
710 2 _aOxfam GB.
710 2 _aUnited Nations Research Institute for Social Development.
856 4 2 _3Contributor biographical information
_uhttp://www.loc.gov/catdir/enhancements/fy1115/2002491589-b.html
856 4 2 _3Publisher description
_uhttp://www.loc.gov/catdir/enhancements/fy1115/2002491589-d.html
856 4 1 _3Table of contents only
_uhttp://www.loc.gov/catdir/enhancements/fy1115/2002491589-t.html
942 _2lcc
_cBK
_h384
_iDEV
_kHT